000 00492nam a2200157Ia 4500
008 100122s9999 xx 000 0 und d
082 _b55240
_a630
100 _aथोरात सुधाकर
245 _aभाजीपाला असा लावा
250 _a5
260 _bचित्रा नाईक
_c1992
300 _a24
630 _aभाजीपाला असा लावा
730 _aभाजीपाला असा लावा
942 _cBOOK
999 _c431902
_d431899